Cơ sở lí thuyết quy hoạch thực nghiệm và ứng dụng trong kĩ thuật nông nghiệp
Na minha lista:
| Autor principal: | |
|---|---|
| Formato: | Livro |
| Idioma: | Undetermined |
| Publicado em: |
Hà Nội
Nông nghiệp
1998
|
| Assuntos: | |
| Tags: |
Adicionar Tag
Sem tags, seja o primeiro a adicionar uma tag!
|
| Thư viện lưu trữ: | Trung tâm Học liệu Trường Đại học Cần Thơ |
|---|
| LEADER | 00677nam a2200193Ia 4500 | ||
|---|---|---|---|
| 001 | CTU_27876 | ||
| 008 | 210402s9999 xx 000 0 und d | ||
| 082 | |a 630 | ||
| 082 | |b L106 | ||
| 100 | |a Phạm, Văn Lang | ||
| 245 | 0 | |a Cơ sở lí thuyết quy hoạch thực nghiệm và ứng dụng trong kĩ thuật nông nghiệp | |
| 245 | 0 | |c Phạm Văn Lang, Bạch Quốc Khang | |
| 260 | |a Hà Nội | ||
| 260 | |b Nông nghiệp | ||
| 260 | |c 1998 | ||
| 526 | |a Thiết kế thực nghiệm và tối ưu hóa | ||
| 526 | |b TNH621 | ||
| 650 | |a Agricultural engineering | ||
| 980 | |a Trung tâm Học liệu Trường Đại học Cần Thơ | ||